[Event "BL 0607 Hamburger SK - SC Kreuzberg"]
[Site "?"]
[Date "2007.02.04"]
[Round "9.4"]
[White "Kempinski, Robert"]
[Black "Kalinitschew, Sergey"]
[Result "1-0"]
[WhiteElo "2590"]
[BlackElo "2471"]
[PlyCount "119"]
[EventDate "2007.??.??"]

1. Nf3 d5 2. d4 Nf6 3. c4 e6 4. Nc3 Nbd7 5. cxd5 exd5 6. Bg5 Be7 7. Qc2 O-O 8.
e3 Re8 9. Bd3 Nf8 10. O-O c6 11. Ne5 Ng4 12. Bxe7 Qxe7 13. Nxg4 Bxg4 14. Rae1
Qd6 15. f4 f6 16. Qb3 a5 17. Kh1 Be6 18. a3 Re7 19. Na4 Bf7 20. Nc5 Qc7 21. Qc2
Rae8 22. Rf3 Bg6 23. f5 Bh5 24. Rh3 Bf7 25. Kg1 h6 26. Rg3 Nd7 27. Na4 Nb6 28.
Nc3 Nc8 29. Qe2 Kh8 30. Qg4 Bg8 31. e4 dxe4 32. Rxe4 Nd6 33. Rxe7 Qxe7 34. h3
Bh7 35. Na4 Qc7 36. Kh2 b6 37. Nxb6 Nxf5 38. Bxf5 Bxf5 39. Qxf5 Qxb6 40. Qd7
Rg8 41. b3 Qb5 42. Rc3 Qb8+ 43. Rg3 Qf4 44. Qxc6 Qxd4 45. Qc7 Qd2 46. Rg4 Qb2
47. b4 axb4 48. axb4 f5 49. Rf4 Re8 50. Qf7 Re5 51. Rc4 Kh7 52. Rc6 Qxb4 53.
Qg6+ Kg8 54. Rc8+ Qf8 55. Rxf8+ Kxf8 56. Kg3 Kg8 57. Kf4 Rc5 58. Qb6 g5+ 59.
Kg3 Rc3+ 60. Kh2 1-0

[Event "BL 0607 Hamburger SK - SC Kreuzberg"]
[Site "?"]
[Date "2007.02.04"]
[Round "9.5"]
[White "Tischbierek, Raj"]
[Black "Mueller, Karsten Dr"]
[Result "1-0"]
[WhiteElo "2486"]
[BlackElo "2500"]
[PlyCount "59"]
[EventDate "2007.??.??"]

1. e4 e6 2. d4 d5 3. Nc3 Nf6 4. e5 Nfd7 5. f4 c5 6. Nf3 Nc6 7. Be3 a6 8. Qd2 b5
9. a3 g5 10. fxg5 cxd4 11. Nxd4 Ndxe5 12. Bd3 Bg7 13. Nxc6 Nxc6 14. Bc5 Ne5 15.
O-O-O Bb7 16. h4 Qc7 17. Bb4 O-O-O 18. Rhf1 Rd7 19. Kb1 Nc4 20. Bxc4 Qxc4 21.
Rf4 Qc6 22. Rdf1 d4 23. Ne2 Qxg2 24. Rxf7 Rhd8 25. Ba5 Rxf7 26. Rxf7 Rd7 27.
Qf4 Qxe2 28. Rf8+ Bxf8 29. Qxf8+ Rd8 30. Qxd8# 1-0

[Event "BL 0607 Hamburger SK - SC Kreuzberg"]
[Site "?"]
[Date "2007.02.04"]
[Round "9.6"]
[White "Reeh, Oliver"]
[Black "Volke, Karsten"]
[Result "1/2-1/2"]
[WhiteElo "2445"]
[BlackElo "2478"]
[PlyCount "62"]
[EventDate "2007.??.??"]

1. d4 Nf6 2. c4 e6 3. Nf3 b6 4. e3 Bb7 5. Bd3 d5 6. b3 Be7 7. O-O Nbd7 8. Bb2
O-O 9. Nbd2 c5 10. Qe2 cxd4 11. exd4 Re8 12. Rac1 Rc8 13. Rfd1 Bf8 14. h3 g6
15. Qe3 Rc7 16. Rc2 Qb8 17. c5 bxc5 18. dxc5 Rxc5 19. Ne5 Rxc2 20. Bxc2 Bg7 21.
Ndf3 Qc7 22. Bb1 Ne4 23. Rc1 Qd6 24. Qxa7 Nxe5 25. Bxe5 Bxe5 26. Nxe5 Qxe5 27.
Bxe4 dxe4 28. Qxb7 e3 29. Qf3 exf2+ 30. Qxf2 Rd8 31. Re1 Qc3 1/2-1/2

[Event "BL 0607 Hamburger SK - SC Kreuzberg"]
[Site "?"]
[Date "2007.02.04"]
[Round "9.8"]
[White "Sebastian, Dirk"]
[Black "Figura, Atila Gajo"]
[Result "1-0"]
[WhiteElo "2384"]
[BlackElo "2400"]
[PlyCount "77"]
[EventDate "2007.??.??"]

1. e4 d5 2. exd5 Nf6 3. Nf3 Nxd5 4. d4 g6 5. c4 Nb6 6. Nc3 Bg7 7. c5 Nd5 8. Bc4
Nxc3 9. bxc3 O-O 10. O-O Nc6 11. Bg5 h6 12. Bh4 g5 13. Bg3 e5 14. Nxe5 Nxe5 15.
Bxe5 Bxe5 16. dxe5 Qe7 17. Qd4 Bf5 18. Qe3 Rfe8 19. Rfe1 b6 20. Qf3 Bg6 21. e6
Kg7 22. cxb6 axb6 23. h4 gxh4 24. exf7 Qxe1+ 25. Rxe1 Rxe1+ 26. Kh2 Rf8 27. Qf4
Re7 28. Bb3 Bxf7 29. Qd4+ Kg8 30. Qf6 Rfe8 31. Qg6+ Kh8 32. Qxh6+ Kg8 33. Bc2
Bxa2 34. Bh7+ Rxh7 35. Qg6+ Kh8 36. Qxe8+ Kg7 37. Qc6 Kh8 38. Qf6+ Kg8 39. Qd8+
1-0

[Event "BL 0607 Solinger SG - Bindl-Aktionär"]
[Site "?"]
[Date "2007.02.04"]
[Round "9.3"]
[White "Baklan, Vladimir"]
[Black "Sandipan, Chanda"]
[Result "1-0"]
[WhiteElo "2622"]
[BlackElo "2550"]
[PlyCount "109"]
[EventDate "2007.??.??"]

1. e4 c5 2. Ne2 d6 3. g3 Nf6 4. Bg2 Nc6 5. c3 e5 6. d4 Be7 7. d5 Na5 8. Nd2 b5
9. b4 Nb7 10. a4 Bd7 11. a5 a6 12. Nf1 Qc7 13. Ne3 g6 14. O-O Nh5 15. f4 f6 16.
Bd2 c4 17. Kh1 Ng7 18. Ng1 Nd8 19. fxe5 fxe5 20. Ng4 Bxg4 21. Qxg4 Nf7 22. Rf2
O-O 23. Raf1 g5 24. Bh3 h5 25. Qd7 Ra7 26. Qxc7 Rxc7 27. Bf5 Nxf5 28. Rxf5 Rcc8
29. h4 gxh4 30. Rxh5 Nh8 31. Rff5 hxg3 32. Kg2 Rxf5 33. exf5 Nf7 34. Ne2 Kg7
35. Nxg3 Rg8 36. Ne4 Kf8+ 37. Kf3 Rg1 38. Be3 Rf1+ 39. Ke2 Rb1 40. f6 Bd8 41.
Bb6 Kg8 42. Bxd8 Nxd8 43. Nxd6 Nf7 44. Nxf7 Kxf7 45. Rxe5 Rc1 46. Re6 Rxc3 47.
Rxa6 Rd3 48. Rb6 Rxd5 49. Ke3 Rh5 50. a6 Rh3+ 51. Kd4 Rh4+ 52. Ke5 Rh5+ 53. Kd6
Rh1 54. Kc7 c3 55. Rc6 1-0

[Event "BL 0607 Solinger SG - Bindl-Aktionär"]
[Site "?"]
[Date "2007.02.04"]
[Round "9.4"]
[White "Naumann, Alexander"]
[Black "Baramidze, David"]
[Result "1/2-1/2"]
[WhiteElo "2542"]
[BlackElo "2585"]
[PlyCount "29"]
[EventDate "2007.??.??"]

1. Nf3 Nf6 2. c4 g6 3. Nc3 d5 4. Qa4+ Bd7 5. Qb3 dxc4 6. Qxc4 Nc6 7. d4 Bg7 8.
e4 O-O 9. e5 Be6 10. exf6 Bxc4 11. fxg7 Kxg7 12. Bxc4 Nxd4 13. Nxd4 Qxd4 14.
Be2 c6 15. Be3 1/2-1/2

[Event "BL 0607 Solinger SG - Bindl-Aktionär"]
[Site "?"]
[Date "2007.02.04"]
[Round "9.6"]
[White "Ernst, Sipke"]
[Black "Bischoff, Klaus"]
[Result "1/2-1/2"]
[WhiteElo "2512"]
[BlackElo "2533"]
[PlyCount "29"]
[EventDate "2007.??.??"]

1. Nf3 Nf6 2. c4 e6 3. g3 b6 4. Bg2 Bb7 5. O-O Be7 6. Nc3 O-O 7. d4 Ne4 8. Re1
Nxc3 9. bxc3 Nc6 10. e4 Na5 11. Bf1 d6 12. Bd3 c5 13. d5 e5 14. Nd2 Bg5 15. Nb3
1/2-1/2

[Event "BL 0607 Solinger SG - Bindl-Aktionär"]
[Site "?"]
[Date "2007.02.04"]
[Round "9.7"]
[White "Stohl, Igor Dr"]
[Black "Zysk, Robert"]
[Result "1-0"]
[WhiteElo "2551"]
[BlackElo "2468"]
[PlyCount "163"]
[EventDate "2007.??.??"]

1. Nf3 d5 2. d4 c6 3. Bf4 Nf6 4. e3 Bg4 5. Nbd2 Nbd7 6. h3 Bh5 7. Be2 e6 8. O-O
Be7 9. c4 O-O 10. Qb3 Qc8 11. Rfe1 Re8 12. Rac1 Bd8 13. Qa3 Be7 14. Qc3 Bg6 15.
Bd3 Ne4 16. Qc2 Nxd2 17. Nxd2 Bxd3 18. Qxd3 Bb4 19. Red1 Bxd2 20. Rxd2 h6 21.
b3 Qd8 22. e4 Qh4 23. Qf3 dxe4 24. Qxe4 g5 25. g3 Qxh3 26. Bd6 Nf6 27. Qf3 Qf5
28. Qxf5 exf5 29. f3 Rad8 30. Ba3 Kg7 31. Bb2 Kg6 32. Kf2 Rd7 33. Rcd1 Red8 34.
Rd3 Ne8 35. d5 cxd5 36. cxd5 Nc7 37. d6 Nb5 38. Be5 f6 39. a4 fxe5 40. axb5 Kf6
41. g4 f4 42. Rh1 Rh8 43. b6 axb6 44. Rd5 Ke6 45. Rb5 Rxd6 46. Re1 Rhd8 47.
Rbxe5+ Kf6 48. Rf5+ Kg6 49. Rb5 Rd2+ 50. Re2 Rxe2+ 51. Kxe2 Rd6 52. Rb4 h5 53.
Rb5 hxg4 54. fxg4 Kh6 55. Re5 Rc6 56. Rb5 Rf6 57. Kf2 Rg6 58. Rd5 Kg7 59. Rd7+
Kf6 60. Rxb7 Ke5 61. Rf7 Ke4 62. Rf5 Rc6 63. Rxg5 Rc2+ 64. Ke1 Kf3 65. Rf5 Kg3
66. g5 f3 67. g6 f2+ 68. Rxf2 Rc1+ 69. Kd2 Rc6 70. g7 Rg6 71. Rf7 Kg4 72. Kc3
Kh5 73. Kc4 Rg5 74. Rb7 Kg4 75. b4 b5+ 76. Rxb5 Rxg7 77. Rd5 Kf4 78. b5 Ke4 79.
Rh5 Rc7+ 80. Kb4 Rc1 81. b6 Rb1+ 82. Kc5 1-0

[Event "BL 0607 Solinger SG - Bindl-Aktionär"]
[Site "?"]
[Date "2007.02.04"]
[Round "9.8"]
[White "Schaefer, Markus"]
[Black "Markos, Jan"]
[Result "1/2-1/2"]
[WhiteElo "2379"]
[BlackElo "2538"]
[PlyCount "98"]
[EventDate "2007.??.??"]

1. e4 c5 2. Nf3 Nc6 3. d4 cxd4 4. Nxd4 e5 5. Nb5 d6 6. N1c3 Nf6 7. Bg5 a6 8.
Na3 b5 9. Nd5 Be7 10. Nxe7 Qxe7 11. c4 Nd4 12. Nc2 Nxc2+ 13. Qxc2 Bd7 14. cxb5
axb5 15. Bd3 O-O 16. O-O h6 17. Bxf6 Qxf6 18. a3 Qg5 19. Qe2 Rfb8 20. Rfd1 Bh3
21. f3 Rb6 22. Qd2 Be6 23. Qf2 Rab8 24. Bf1 Rc6 25. Rd2 Bb3 26. Re1 b4 27. Qe3
bxa3 28. bxa3 Ba4 29. Qxg5 hxg5 30. Be2 Kf8 31. Kf2 Rb3 32. Ra1 Rbc3 33. Bd1
R3c4 34. Rb1 Bxd1 35. Rbxd1 Ke7 36. Re1 Ra4 37. Re3 Ke6 38. h3 g6 39. Rb3 f5
40. exf5+ gxf5 41. Rb8 g4 42. Rh8 gxf3 43. Rh6+ Kf7 44. gxf3 Raa6 45. h4 f4 46.
Kg2 Kg7 47. Re6 Kf7 48. Rh6 Ke7 49. h5 Kf7 1/2-1/2

[Event "BL 0607 SV Wattenscheid - SF Berlin"]
[Site "?"]
[Date "2007.02.04"]
[Round "9.2"]
[White "Rustemov, Alexander"]
[Black "Miroshnichenko, Evgenij"]
[Result "1/2-1/2"]
[WhiteElo "2552"]
[BlackElo "2626"]
[PlyCount "137"]
[EventDate "2007.??.??"]

1. Nf3 Nf6 2. c4 g6 3. g3 Bg7 4. Bg2 O-O 5. O-O d6 6. Nc3 c6 7. d4 Qa5 8. h3
Be6 9. Nd2 Qa6 10. d5 cxd5 11. cxd5 Bd7 12. Nb3 Rc8 13. e4 Ba4 14. Nxa4 Qxa4
15. Nd4 Qxd1 16. Rxd1 Na6 17. Be3 Nc5 18. f3 Na4 19. Rd2 Nd7 20. Rf1 a6 21. h4
Nab6 22. b3 Rc3 23. Kf2 Rac8 24. Rfd1 R8c7 25. Bh3 h5 26. Ne2 Rc2 27. Rxc2 Rxc2
28. Rd2 Rc7 29. Nd4 Rc1 30. Rc2 Ra1 31. b4 Rb1 32. Nb3 f5 33. exf5 Nxd5 34.
fxg6 Nxe3 35. Kxe3 Nf8 36. Rc7 Bf6 37. Rxb7 Rb2 38. Nd4 Kg7 39. Nf5+ Kxg6 40.
Nxe7+ Bxe7 41. Rxe7 Rxa2 42. Rb7 Nh7 43. Rb6 Nf6 44. Rxd6 Rb2 45. Rb6 Rxb4 46.
Rxa6 Rb3+ 47. Kf2 Rb2+ 48. Ke3 Kg7 49. Be6 Rb4 50. Rc6 Ra4 51. Bc4 Ra3+ 52. Kf4
Rc3 53. Bb5 Nd5+ 54. Ke5 Rxf3 55. Kxd5 Rf5+ 56. Kc4 Rf3 57. Rc7+ Kh6 58. Re7
Rxg3 59. Bd7 Rg1 60. Re4 Rc1+ 61. Kd5 Rd1+ 62. Ke6 Rg1 63. Ke5 Rh1 64. Kf6 Rf1+
65. Bf5 Re1 66. Rd4 Re4 67. Rd6 Rd4 68. Re6 Rd6 69. Rxd6 1/2-1/2

[Event "BL 0607 SV Wattenscheid - SF Berlin"]
[Site "?"]
[Date "2007.02.04"]
[Round "9.4"]
[White "Bartel, Mateusz"]
[Black "Polzin, Rainer"]
[Result "0-1"]
[WhiteElo "2569"]
[BlackElo "2480"]
[PlyCount "84"]
[EventDate "2007.??.??"]

1. e4 c5 2. Nf3 d6 3. d4 cxd4 4. Nxd4 Nf6 5. Nc3 g6 6. g3 Nc6 7. Nde2 b6 8. Bg2
Ba6 9. O-O Bg7 10. a4 Rc8 11. Nb5 O-O 12. Nec3 Nd7 13. Re1 Bb7 14. e5 Ndxe5 15.
Nxa7 Rb8 16. Nab5 Nb4 17. f4 Bxg2 18. Kxg2 Nec6 19. Nd5 e6 20. Nxb4 Nxb4 21. c3
Nd5 22. c4 Nf6 23. b3 d5 24. Ba3 Re8 25. Rc1 Qd7 26. Bd6 Rbc8 27. Be5 Red8 28.
Qf3 Ne4 29. Bxg7 Kxg7 30. Rcd1 Qe7 31. Qe3 Nf6 32. Qxb6 dxc4 33. Nd6 Rb8 34.
Qc5 Rd7 35. b4 c3 36. Nb5 Rd2+ 37. Rxd2 cxd2 38. Rd1 Qb7+ 39. Kg1 Rd8 40. Qc3
Qe4 41. Kf2 Rd3 42. Qe5 Qf3+ 0-1

[Event "BL 0607 SV Wattenscheid - SF Berlin"]
[Site "?"]
[Date "2007.02.04"]
[Round "9.5"]
[White "Thiede, Lars"]
[Black "Czarnota, Pawel"]
[Result "1-0"]
[WhiteElo "2504"]
[BlackElo "2554"]
[PlyCount "69"]
[EventDate "2007.??.??"]

1. Nf3 g6 2. c4 Bg7 3. Nc3 d6 4. g3 e5 5. Bg2 Nc6 6. d3 Nf6 7. O-O O-O 8. Rb1
a5 9. a3 h6 10. b4 axb4 11. axb4 Be6 12. b5 Ne7 13. Bb2 Qd7 14. Qb3 Bh3 15. Ra1
Nh5 16. Rxa8 Rxa8 17. Ra1 Rxa1+ 18. Bxa1 Bxg2 19. Kxg2 Kh7 20. Qa2 f5 21. Qa7
b6 22. Qb7 f4 23. Ne4 g5 24. c5 fxg3 25. hxg3 Qg4 26. cxd6 Nf4+ 27. Kg1 cxd6
28. Nxd6 Neg6 29. Ne8 Nxe2+ 30. Kf1 Nxg3+ 31. fxg3 Ne7 32. Nxg7 Qa4 33. Qxe7
Qxa1+ 34. Kg2 g4 35. Nf5+ 1-0

[Event "BL 0607 SV Wattenscheid - SF Berlin"]
[Site "?"]
[Date "2007.02.04"]
[Round "9.6"]
[White "Appel, Ralf"]
[Black "Berndt, Stephan"]
[Result "1-0"]
[WhiteElo "2507"]
[BlackElo "2445"]
[PlyCount "80"]
[EventDate "2007.??.??"]

1. d4 Nf6 2. Nf3 e6 3. Bf4 b6 4. c3 Bb7 5. Nbd2 Be7 6. h3 O-O 7. e3 c5 8. Bd3
cxd4 9. exd4 Nc6 10. O-O d6 11. Bg3 a6 12. a4 Re8 13. Re1 Nb8 14. Qb3 Ra7 15.
Ng5 Bf8 16. Qc2 g6 17. Bh4 Nbd7 18. Qb3 Qa8 19. Nge4 Nxe4 20. Nxe4 Bxe4 21.
Rxe4 d5 22. Re2 Bg7 23. Rae1 Qc6 24. Bg3 Rc8 25. h4 Nf6 26. Bf4 Raa8 27. Be5
Nh5 28. Re3 Qb7 29. Qd1 b5 30. axb5 axb5 31. Qf3 b4 32. g4 Bxe5 33. Rxe5 Ng7
34. c4 Qe7 35. h5 dxc4 36. Bxc4 Rab8 37. Bb3 Qh4 38. d5 gxh5 39. gxh5 Rb6 40.
R5e4 Qe7 {ZÜ} 1-0

[Event "BL 0607 SV Wattenscheid - SF Berlin"]
[Site "?"]
[Date "2007.02.04"]
[Round "9.7"]
[White "Poldauf, Dirk"]
[Black "Holzke, Frank Dr"]
[Result "0-1"]
[WhiteElo "2433"]
[BlackElo "2461"]
[PlyCount "72"]
[EventDate "2007.??.??"]

1. c4 c5 2. g3 g6 3. Bg2 Bg7 4. Nc3 Nc6 5. a3 d6 6. Rb1 Bd7 7. e3 Qc8 8. h3 Rb8
9. Nge2 a6 10. b4 cxb4 11. axb4 b5 12. cxb5 axb5 13. d4 h5 14. Qd3 Nf6 15. e4
O-O 16. Be3 Ne8 17. f4 e5 18. fxe5 dxe5 19. d5 Nd8 20. Bc5 Nb7 21. Bxf8 Bxf8
22. Nxb5 Qd8 23. Nbc3 Qb6 24. Bf3 Nc7 25. Kf1 Na6 26. b5 Nb4 27. Qd2 Na5 28.
Kg2 Nc4 29. Qc1 Nd3 30. Qg1 Bc5 31. Na4 Bxg1 32. Nxb6 Bxb6 33. Rb3 Nf2 34. Rc1
Nd2 35. Ra3 Bxh3+ 36. Kh2 Nf1+ 0-1

[Event "BL 0607 SV Wattenscheid - SF Berlin"]
[Site "?"]
[Date "2007.02.04"]
[Round "9.8"]
[White "Dinstuhl, Volkmar Dr"]
[Black "Kraemer, Martin"]
[Result "1/2-1/2"]
[WhiteElo "2426"]
[BlackElo "2435"]
[PlyCount "118"]
[EventDate "2007.??.??"]

1. c4 Nf6 2. Nc3 e6 3. e4 d5 4. e5 d4 5. exf6 dxc3 6. bxc3 Qxf6 7. Nf3 e5 8.
Bd3 Na6 9. O-O Bd6 10. Re1 O-O 11. Nxe5 Bxe5 12. Qh5 Bxh2+ 13. Qxh2 Bf5 14. Qg3
Bxd3 15. Qxd3 Rfd8 16. Qe2 Qc6 17. d4 Re8 18. Be3 Re4 19. f3 Re7 20. Qd3 Rae8
21. Bf2 Qd6 22. Rxe7 Rxe7 23. Qf5 Qd7 24. Qa5 h6 25. Rb1 Qc8 26. Kf1 Qe6 27.
Rxb7 Qxc4+ 28. Kg1 Re6 29. Rxa7 Qd3 30. Qd5 Kh7 31. c4 Nb4 32. Qd7 Rg6 33. Qxf7
Qd1+ 34. Kh2 Qf1 35. Bg3 Nd3 36. Ra8 Rxg3 37. Qg8+ Kg6 38. Qe6+ Kh7 39. Kxg3
Qf2+ 40. Kh2 Qh4+ 41. Qh3 Qf4+ 42. Qg3 Qxd4 43. Qg4 Qe5+ 44. Qg3 Qh5+ 45. Qh3
Qe5+ 46. g3 Ne1 47. Qf1 Qh5+ 48. Kg1 Nxf3+ 49. Kf2 Qf5 50. Qd1 Nd2+ 51. Ke2
Qe4+ 52. Kxd2 Qxa8 53. a4 Qa5+ 54. Kd3 Qb4 55. Qg4 c5 56. Qe4+ Kh8 57. Qe8+ Kh7
58. Qe4+ Kg8 59. Qe8+ Kh7 1/2-1/2

[Event "BL 0607 SG Köln Porz - SV Mülheim Nord"]
[Site "?"]
[Date "2007.02.04"]
[Round "9.2"]
[White "Lutz, Christopher"]
[Black "Landa, Konstantin"]
[Result "1/2-1/2"]
[WhiteElo "2580"]
[BlackElo "2570"]
[PlyCount "106"]
[EventDate "2007.??.??"]

1. e4 e5 2. Nf3 Nf6 3. Nxe5 d6 4. Nf3 Nxe4 5. d4 d5 6. Bd3 Nc6 7. O-O Be7 8. c4
Nb4 9. Be2 O-O 10. a3 Nc6 11. cxd5 Qxd5 12. Nc3 Nxc3 13. bxc3 Bf5 14. Re1 Rfe8
15. Bf4 Rac8 16. h3 h6 17. Nh2 Bd6 18. Bxd6 Qxd6 19. Nf1 Na5 20. Ne3 Bg6 21.
Qa4 b6 22. Ba6 Rcd8 23. Nc4 Rxe1+ 24. Rxe1 Nxc4 25. Bxc4 a5 26. Re3 Rd7 27.
Re8+ Kh7 28. Kf1 Re7 29. Rxe7 Qxe7 30. Qb3 h5 31. Qb2 Qg5 32. Be2 Be4 33. f3
Bf5 34. Kf2 Qh4+ 35. Kf1 Qf4 36. Kf2 h4 37. c4 g6 38. Qc3 Qd6 39. Qe3 Kg7 40.
Kf1 Qf6 41. Kf2 Kf8 42. Bf1 Bd7 43. Be2 c6 44. Kf1 Kg7 45. Qd2 Bf5 46. Qe3 Be6
47. Kf2 Bd7 48. Qd2 Qd6 49. Qc3 Qf6 50. Qd2 g5 51. Kf1 Bf5 52. Qe3 Kg6 53. Kf2
Qd6 1/2-1/2

[Event "BL 0607 SG Köln Porz - SV Mülheim Nord"]
[Site "?"]
[Date "2007.02.04"]
[Round "9.6"]
[White "Sakaev, Konstantin"]
[Black "Saltaev, Mihail"]
[Result "1/2-1/2"]
[WhiteElo "2641"]
[BlackElo "2512"]
[PlyCount "122"]
[EventDate "2007.??.??"]

1. d4 d5 2. c4 c6 3. Nf3 Nf6 4. Nc3 a6 5. e3 b5 6. b3 Bf5 7. Ne5 h6 8. g4 Bh7
9. Bg2 e6 10. O-O Be7 11. Bb2 Ra7 12. c5 Qc8 13. f4 Nbd7 14. g5 Ng8 15. g6 fxg6
16. e4 Ngf6 17. exd5 Nxd5 18. Nxd5 cxd5 19. Nxd7 Qxd7 20. Qe2 Rf8 21. Rae1 Bg8
22. Bh3 Rf6 23. Rf3 Rc7 24. Bc1 Bf7 25. Be3 Kf8 26. Bf2 Rc6 27. Bh4 g5 28. fxg5
Rxf3 29. Qxf3 hxg5 30. Bg3 Bf6 31. Be5 Qe7 32. Bg4 Kg8 33. Qh3 Qd8 34. b4 a5
35. a4 Bxe5 36. Rxe5 Qb8 37. Rxe6 Rxe6 38. Bxe6 Qf4 39. Bxf7+ Kxf7 40. Qd7+ Kf8
41. Qd8+ Kf7 42. Qxd5+ Kf8 43. axb5 a4 44. b6 Qc1+ 45. Kg2 Qd2+ 46. Kf3 Qf4+
47. Kg2 Qd2+ 48. Kh3 Qe3+ 49. Kg4 Qf4+ 50. Kh5 Qh4+ 51. Kg6 Qh6+ 52. Kf5 Qf6+
53. Ke4 Qf4+ 54. Kd3 Qf1+ 55. Kc2 Qe2+ 56. Kb1 Qd1+ 57. Ka2 Qc2+ 58. Ka3 Qd3+
59. Kxa4 Qa6+ 60. Kb3 Qd3+ 61. Kb2 Qe2+ 1/2-1/2

[Event "BL 0607 SG Köln Porz - SV Mülheim Nord"]
[Site "?"]
[Date "2007.02.04"]
[Round "9.8"]
[White "Andersson, Ulf"]
[Black "Wegener, Olaf"]
[Result "1/2-1/2"]
[WhiteElo "2542"]
[BlackElo "2404"]
[PlyCount "60"]
[EventDate "2007.??.??"]

1. Nf3 Nf6 2. c4 e6 3. d4 b6 4. g3 Ba6 5. Qa4 Bb7 6. Bg2 c5 7. dxc5 Bxc5 8. O-O
O-O 9. Nc3 Be7 10. Bf4 Na6 11. Rac1 Nc5 12. Qc2 Qc8 13. Rfd1 Nce4 14. Nxe4 Bxe4
15. Qd2 Qb7 16. Bd6 Bxd6 17. Qxd6 Rac8 18. b3 Rc6 19. Qf4 Rfc8 20. Ne1 Bxg2 21.
Nxg2 d5 22. Ne3 Qc7 23. Qxc7 R6xc7 24. a4 Kf8 25. f3 Ke7 26. Kf2 Nd7 27. Rb1
dxc4 28. Nxc4 Nc5 29. Ne5 f6 30. Nd3 Nxd3+ 1/2-1/2

[Event "BL 0607 SC Remagen - SF Katernberg"]
[Site "?"]
[Date "2007.02.04"]
[Round "9.1"]
[White "Volokitin, Andrei"]
[Black "Fedorchuk, Sergey"]
[Result "1-0"]
[WhiteElo "2645"]
[BlackElo "2599"]
[PlyCount "75"]
[EventDate "2007.??.??"]

1. e4 e5 2. Nf3 Nc6 3. Bb5 a6 4. Ba4 Nf6 5. O-O b5 6. Bb3 Bc5 7. a4 Rb8 8. c3
O-O 9. d4 Bb6 10. axb5 axb5 11. dxe5 Ng4 12. Bf4 Qe8 13. Na3 Ngxe5 14. Nxe5
Nxe5 15. Nxb5 d6 16. Nd4 Ng6 17. Bg3 Qxe4 18. Re1 Qb7 19. Bc2 Ra8 20. Rxa8 Qxa8
21. h4 Qd5 22. h5 Ne5 23. h6 Bxd4 24. cxd4 Ng6 25. hxg7 Kxg7 26. Bb3 Qb5 27.
Re3 Bf5 28. Rc3 Rb8 29. Qf3 Qd7 30. Rc4 Bg4 31. Qc3 Qb5 32. d5+ Kg8 33. Ba4
Qxd5 34. Rxg4 Ra8 35. Rd4 Qh5 36. Qc6 Ra5 37. b4 Rg5 38. Qxc7 1-0

[Event "BL 0607 SC Remagen - SF Katernberg"]
[Site "?"]
[Date "2007.02.04"]
[Round "9.3"]
[White "Erenburg, Sergey"]
[Black "Goloshchapov, Alexander"]
[Result "1/2-1/2"]
[WhiteElo "2582"]
[BlackElo "2552"]
[PlyCount "34"]
[EventDate "2007.??.??"]

1. e4 c5 2. Nf3 Nc6 3. Bb5 e6 4. O-O Nge7 5. Re1 Nd4 6. Bf1 Nec6 7. d3 Nxf3+ 8.
Qxf3 g6 9. c3 Bg7 10. Nd2 O-O 11. Nb3 d6 12. Be3 e5 13. Qd1 Be6 14. Nd2 b6 15.
f4 d5 16. exd5 Bxd5 17. Nc4 Re8 1/2-1/2

[Event "BL 0607 SC Remagen - SF Katernberg"]
[Site "?"]
[Date "2007.02.04"]
[Round "9.4"]
[White "Degraeve, Jean-Marc"]
[Black "L'Ami, Erwin"]
[Result "1/2-1/2"]
[WhiteElo "2551"]
[BlackElo "2584"]
[PlyCount "84"]
[EventDate "2007.??.??"]

1. e4 e5 2. Nf3 Nc6 3. Bc4 Nf6 4. d3 Bc5 5. c3 d6 6. Nbd2 a6 7. Bb3 Ba7 8. O-O
O-O 9. h3 h6 10. Re1 Nh5 11. Nf1 Qf6 12. Be3 Nf4 13. Bxa7 Rxa7 14. Ne3 Be6 15.
h4 Bxb3 16. axb3 Raa8 17. g3 Ne6 18. b4 Rae8 19. Kg2 Qg6 20. Nh2 Ne7 21. Qg4
Qh7 22. Nf5 g6 23. h5 Ng5 24. Nxe7+ Rxe7 25. Nf3 Nxf3 26. Qxf3 Qg7 27. Rh1 c6
28. Rh2 Re6 29. Rah1 g5 30. g4 d5 31. Qe2 Rd8 32. Rh3 Red6 33. Rf3 f6 34. Rhh3
Qd7 35. Rf5 Kg7 36. Rhf3 Re6 37. Qe1 d4 38. c4 Qe7 39. Rh3 b5 40. c5 Ra8 41.
Qa1 a5 42. Qa2 a4 1/2-1/2

[Event "BL 0607 SC Remagen - SF Katernberg"]
[Site "?"]
[Date "2007.02.04"]
[Round "9.5"]
[White "Chuchelov, Vladimir"]
[Black "Popovic, Petar"]
[Result "1/2-1/2"]
[WhiteElo "2539"]
[BlackElo "2483"]
[PlyCount "34"]
[EventDate "2007.??.??"]

1. Nf3 Nf6 2. c4 g6 3. Nc3 d5 4. Qa4+ Bd7 5. Qb3 dxc4 6. Qxc4 a6 7. d4 b5 8.
Qb3 Nc6 9. Bg5 h6 10. Bxf6 exf6 11. Rd1 Bd6 12. g3 O-O 13. Bg2 Re8 14. O-O b4
15. Na4 Rxe2 16. Nc5 Bxc5 17. dxc5 Qe8 1/2-1/2

[Event "BL 0607 SC Remagen - SF Katernberg"]
[Site "?"]
[Date "2007.02.04"]
[Round "9.6"]
[White "Bindrich, Falko"]
[Black "Firman, Nazar"]
[Result "1-0"]
[WhiteElo "2482"]
[BlackElo "2495"]
[PlyCount "85"]
[EventDate "2007.??.??"]

1. e4 c5 2. Nf3 e6 3. d4 cxd4 4. Nxd4 a6 5. Nc3 Qc7 6. Bd3 Ne7 7. O-O Ng6 8.
Kh1 Bc5 9. Be3 d6 10. Qd2 Nd7 11. Rad1 Nf6 12. Be2 O-O 13. Bg5 b5 14. Nb3 Bb7
15. Nxc5 dxc5 16. Qe3 Rfd8 17. f3 Rac8 18. Qf2 Rxd1 19. Rxd1 Nd7 20. Qg3 Qxg3
21. hxg3 Bc6 22. b3 f6 23. Be3 Rc7 24. a4 b4 25. Nb1 a5 26. Nd2 Nde5 27. Bxc5
Be8 28. Bb6 Rxc2 29. Bxa5 Nc6 30. Bb6 Nge5 31. Bb5 Kf7 32. Kg1 Nd7 33. Be3 Na5
34. Kf1 Nc5 35. Rb1 Rc3 36. Bd4 Bxb5+ 37. axb5 Rc2 38. Ke1 Nd3+ 39. Ke2 Nc5 40.
Kd1 Rxd2+ 41. Kxd2 Ncxb3+ 42. Ke3 Ke7 43. Bb6 1-0

[Event "BL 0607 SC Remagen - SF Katernberg"]
[Site "?"]
[Date "2007.02.04"]
[Round "9.8"]
[White "Schulz, Klaus-Juergen"]
[Black "Thesing, Matthias"]
[Result "1-0"]
[WhiteElo "2393"]
[BlackElo "2410"]
[PlyCount "55"]
[EventDate "2007.??.??"]

1. Nf3 d5 2. d4 Nf6 3. c4 e6 4. Nc3 dxc4 5. e3 a6 6. a4 c5 7. Bxc4 Nc6 8. O-O
Be7 9. Qe2 cxd4 10. Rd1 e5 11. exd4 exd4 12. Nxd4 Nxd4 13. Qe5 Qd6 14. Qxd4
Qxd4 15. Rxd4 O-O 16. Bf4 Bc5 17. Rd2 Bg4 18. h3 Bh5 19. Bd5 Ra7 20. Ne4 Nxe4
21. Bxe4 b6 22. a5 Re7 23. Bc6 Re6 24. Bd7 Re4 25. Bc7 Bb4 26. Rd5 Be2 27. axb6
Bc4 28. Rdd1 1-0

[Event "BL 0607 OSC Baden Baden - SC Eppingen"]
[Site "?"]
[Date "2007.02.04"]
[Round "9.1"]
[White "Balogh, Csaba"]
[Black "Svidler, Peter"]
[Result "0-1"]
[WhiteElo "2616"]
[BlackElo "2750"]
[PlyCount "94"]
[EventDate "2007.??.??"]

1. e4 e5 2. Nf3 Nc6 3. Bb5 a6 4. Bxc6 dxc6 5. O-O Ne7 6. Nxe5 Qd4 7. Qh5 g6 8.
Qg5 Bg7 9. Nf3 Qxe4 10. Re1 Qb4 11. a3 Qd6 12. Nc3 h6 13. Qe3 Qe6 14. Qf4 Qd6
15. Qe3 Qe6 16. Qf4 Qd7 17. Ne4 f5 18. Ne5 Qe6 19. Nc5 Qd6 20. b4 g5 21. Qe3 f4
22. Qc3 b6 23. Ncd3 O-O 24. Bb2 Be6 25. a4 Rae8 26. a5 b5 27. Qc5 Bf5 28. Rac1
Bxd3 29. Nxd3 Qxc5 30. bxc5 Bxb2 31. Nxb2 Nd5 32. Nd3 Kg7 33. Ne5 Re6 34. c3 b4
35. c4 Rfe8 36. d4 Nc3 37. Kf1 Rd8 38. Nd3 Rxe1+ 39. Kxe1 Na2 40. Rb1 Rxd4 41.
Nxb4 Nxb4 42. Rxb4 Kf6 43. Ke2 g4 44. f3 h5 45. Ra4 g3 46. h4 Ke6 47. Rb4 Ke5
0-1

[Event "BL 0607 OSC Baden Baden - SC Eppingen"]
[Site "?"]
[Date "2007.02.04"]
[Round "9.3"]
[White "Acs, Peter"]
[Black "Bacrot, Etienne"]
[Result "1/2-1/2"]
[WhiteElo "2522"]
[BlackElo "2705"]
[PlyCount "54"]
[EventDate "2007.??.??"]

1. d4 d5 2. Nf3 Nf6 3. c4 c6 4. Nc3 a6 5. e3 b5 6. b3 Bg4 7. Be2 Nbd7 8. O-O e6
9. h3 Bf5 10. Bd3 Bxd3 11. Qxd3 Be7 12. cxd5 cxd5 13. a4 b4 14. Ne2 O-O 15. Bd2
Qb6 16. Rfc1 Rac8 17. Rc2 Qb7 18. Rac1 Bd6 19. Be1 Nb6 20. Qd1 a5 21. Nf4 Rxc2
22. Rxc2 Rc8 23. Nd3 Nfd7 24. Nfe5 Nxe5 25. dxe5 Rxc2 26. Qxc2 Qc7 27. Qxc7
Bxc7 1/2-1/2